000 00215nam a2200097Ia 4500
008 240331s9999 xx 000 0 und d
082 _bMOB
100 _aRoberts, J, L, . ed
245 0 _aMoby Dick :
_bnotes
942 _cL
999 _c3204
_d3204